[Event "Tournoi Skype 014B"]
[Site "Skype"]
[Date "????.??.??"]
[Round "7.16"]
[White "Farfallini, Michel"]
[Black "Milanese, Serge"]
[Result "0-1"]
[WhiteElo "1335"]
[BlackElo "1424"]
[PlyCount "22"]

1. e4 e5 2. Nf3 Nc6 3. Bb5 Nf6 4. Bxc6 dxc6 5. d3 Bc5 6. Nxe5 Qd4 7. Be3 Qxe5
8. f4 Qxb2 9. Nd2 Bxe3 10. Rb1 Qd4 11. Nf3 Qc3+ 0-1

[Event "Tournoi Skype 014B"]
[Site "Skype"]
[Date "????.??.??"]
[Round "7.17"]
[White "Douichi, Mohammed"]
[Black "Dubois, Real"]
[Result "0-1"]
[WhiteElo "1250"]
[BlackElo "1420"]
[PlyCount "70"]

1. e4 e5 2. Qh5 Nf6 3. Qxe5+ Be7 4. Qg5 d6 5. Qxg7 Rg8 6. Qh6 Rg6 7. Qf4 Nbd7
8. d4 Rg4 9. Qe3 Rxe4 10. Qxe4 Nxe4 11. f3 Nef6 12. d5 Nc5 13. Be3 Nxd5 14.
Bb5+ c6 15. Bxc5 dxc5 16. Bc4 Be6 17. Bd3 Nf6 18. Nc3 c4 19. Bxh7 Nxh7 20. Ne4
Qa5+ 21. c3 O-O-O 22. Ne2 Ng5 23. O-O Nxe4 24. fxe4 Qb6+ 25. Nd4 Bc5 26. b4
Bxd4+ 27. cxd4 Qxd4+ 28. Kh1 Qxe4 29. Rae1 Qc2 30. a4 Bd5 31. Rg1 Rg8 32. h4
Bxg2+ 33. Kh2 Bf1+ 34. Kh1 Rxg1+ 35. Kxg1 Qg2# 0-1

[Event "Tournoi Skype 014B"]
[Site "Skype"]
[Date "????.??.??"]
[Round "7.18"]
[White "Perrone, Gabriel Lorenzo"]
[Black "Bilsel, Sebahittin"]
[Result "1-0"]
[WhiteElo "1408"]
[BlackElo "1200"]
[PlyCount "37"]

1. f4 d5 2. b3 Nc6 3. e3 Nf6 4. Bb5 a6 5. Bxc6+ bxc6 6. Nf3 Bg4 7. O-O e6 8.
Qe1 Bxf3 9. Rxf3 Bc5 10. Bb2 d4 11. Rg3 O-O 12. Rg5 Bb6 13. Kh1 h6 14. Rg3 dxe3
15. dxe3 Ne4 16. Rxg7+ Kh8 17. Rxf7+ Kg8 18. Rg7+ Kh8 19. Rd7+ 1-0

[Event "Tournoi Skype 014B"]
[Site "Skype"]
[Date "????.??.??"]
[Round "7.19"]
[White "Vitale, Maxi"]
[Black "Hargez, Dany"]
[Result "0-1"]
[WhiteElo "1171"]
[BlackElo "1401"]
[PlyCount "48"]

1. e4 d5 2. exd5 Qxd5 3. Nc3 Qa5 4. Bb5+ c6 5. Bc4 Nf6 6. Nf3 Bg4 7. O-O e5 8.
Re1 Bd6 9. Ne4 Nxe4 10. Rxe4 f5 11. Re3 Nd7 12. h3 h5 13. hxg4 hxg4 14. Nh2
O-O-O 15. c3 e4 16. Qb3 Bxh2+ 17. Kf1 Qc7 18. Ke2 Rde8 19. g3 f4 20. gxf4 Bxf4
21. Bf7 Re7 22. Be6 Bxe3 23. dxe3 g3 24. fxg3 Rh2+ 0-1

[Event "Tournoi Skype 014B"]
[Site "Skype"]
[Date "????.??.??"]
[Round "7.20"]
[White "Kruk, Clementine"]
[Black "Capdeville, Jean"]
[Result "0-1"]
[WhiteElo "1000"]
[BlackElo "1353"]
[PlyCount "110"]

1. e4 e5 2. Nf3 d6 3. Bc4 Nd7 4. d3 Be7 5. Nc3 c6 6. Bb3 b5 7. a4 b4 8. Na2 a5
9. c3 c5 10. Bd5 Rb8 11. b3 Bb7 12. Bxb7 Rxb7 13. Be3 h6 14. d4 Ngf6 15. dxe5
Nxe5 16. Nxe5 dxe5 17. Qxd8+ Bxd8 18. Bxc5 Be7 19. Bxe7 Kxe7 20. f3 Rd8 21. O-O
Rd2 22. Rfd1 Rbd7 23. Re1 Rb2 24. cxb4 axb4 25. Rab1 Rxa2 26. Red1 Rxd1+ 27.
Rxd1 Nd7 28. Rd5 Ra3 29. Rb5 Rxb3 30. a5 Ra3 31. g3 b3 32. a6 Rxa6 33. Rxb3 Rb6
34. Rc3 f6 35. Rc7 Rb2 36. f4 exf4 37. gxf4 Re2 38. Rc8 Ke6 39. f5+ Ke5 40. Rc7
Kd6 41. Rc4 Rd2 42. Kf1 Rxh2 43. Rd4+ Ke7 44. Ke1 h5 45. e5 fxe5 46. Rg4 hxg4
47. Kf1 g3 48. Kg1 e4 49. Kf1 e3 50. Ke1 g2 51. Ke2 g1=Q+ 52. Kf3 e2 53. f6+
Kxf6 54. Kf4 e1=Q 55. Kf3 Rf2# 0-1

[Event "Tournoi Skype 014B"]
[Site "Skype"]
[Date "????.??.??"]
[Round "7.21"]
[White "Gabriele, Noel"]
[Black "Picard, Mario"]
[Result "1-0"]
[WhiteElo "1347"]
[BlackElo "1311"]
[PlyCount "59"]

1. e4 e5 2. Bc4 Bc5 3. a3 Nf6 4. d3 c6 5. h3 d5 6. exd5 cxd5 7. Bb3 Be6 8. Nf3
O-O 9. Nxe5 Nc6 10. Nf3 Bb4+ 11. axb4 Nxb4 12. Nd4 Bd7 13. c3 Nc6 14. O-O Nxd4
15. cxd4 Qb6 16. Be3 Rfe8 17. Nc3 Qe6 18. Qf3 Bc6 19. Ne2 a6 20. Nf4 Qf5 21.
Rad1 Rac8 22. g4 Qd7 23. g5 Ne4 24. dxe4 dxe4 25. Qg3 Bb5 26. Rfe1 a5 27. g6
hxg6 28. Nxg6 a4 29. Qh4 axb3 30. Qh8# 1-0

[Event "Tournoi Skype 014B"]
[Site "Skype"]
[Date "????.??.??"]
[Round "7.22"]
[White "Paquay, Renaud"]
[Black "Martin, Elise"]
[Result "1-0"]
[WhiteElo "1135"]
[BlackElo "1155"]
[PlyCount "87"]

1. c4 c5 2. Nc3 d6 3. Nf3 Nf6 4. e3 Bg4 5. Be2 e5 6. O-O Nc6 7. h3 Bh5 8. d3
Be7 9. e4 O-O 10. Be3 Qb6 11. Nd5 Qxb2 12. Nxe7+ Nxe7 13. Rb1 Qxa2 14. Rxb7 Nc6
15. g4 Bg6 16. Bg5 Na5 17. Rb5 Nd7 18. Be7 Rfe8 19. Bxd6 Nf6 20. Nxe5 a6 21.
Rb6 Nxc4 22. Nxc4 Nd7 23. Rb7 Nf6 24. f4 h6 25. Ne5 a5 26. Bxc5 Rac8 27. Rb5 a4
28. Nxg6 fxg6 29. g5 Nh5 30. Bxh5 gxh5 31. gxh6 Qf7 32. Rf2 Qg6+ 33. Rg2 Qxh6
34. Rb7 Rxc5 35. Rbxg7+ Kf8 36. Rg8+ Ke7 37. Rxe8+ Kxe8 38. Qxa4+ Ke7 39. Qa7+
Kd6 40. Qb8+ Kc6 41. Qc8+ Kb5 42. Rb2+ Ka4 43. Qxc5 Qxf4 44. Qa7# 1-0

[Event "Tournoi Skype 014B"]
[Site "Skype"]
[Date "????.??.??"]
[Round "7.24"]
[White "Lemoine, Gerard"]
[Black "Khatanhar, Mohit"]
[Result "1/2-1/2"]
[WhiteElo "1135"]
[BlackElo "1396"]
[PlyCount "78"]

1. d4 d5 2. e3 e6 3. Bd3 c5 4. c3 c4 5. Bc2 Nf6 6. f4 Be7 7. Nf3 O-O 8. O-O h6
9. Ne5 Nbd7 10. Nd2 Nh7 11. e4 Nxe5 12. fxe5 f6 13. Nf3 fxe5 14. Nxe5 Bd7 15.
Ng6 Rf6 16. exd5 exd5 17. Nf4 Qc7 18. Bxh7+ Kxh7 19. Nxd5 Rxf1+ 20. Kxf1 Rf8+
21. Kg1 Qd6 22. Qc2+ Kg8 23. Qe4 Re8 24. Bf4 Qc6 25. Re1 Bf6 26. Be5 Bxe5 27.
dxe5 Kh8 28. Nb4 Qc7 29. Nd5 Qc5+ 30. Re3 Bc6 31. b4 Qxd5 32. Qg4 Rxe5 33. Rxe5
Qxe5 34. Qc8+ Kh7 35. h3 Qxc3 36. Qf5+ Kh8 37. Qf8+ Kh7 38. Qf5+ Kg8 39. Qc8+
Kh7 1/2-1/2

[Event "Tournoi Skype 014B"]
[Site "Skype"]
[Date "????.??.??"]
[Round "7.25"]
[White "Baker, Abi"]
[Black "Vello, Pablo"]
[Result "0-1"]
[WhiteElo "1113"]
[BlackElo "1393"]
[PlyCount "92"]

1. c4 e5 2. Nc3 Bb4 3. a3 Bxc3 4. bxc3 d6 5. d4 exd4 6. cxd4 Nc6 7. Bb2 Nf6 8.
f3 O-O 9. e4 Re8 10. Bd3 b6 11. Qc2 Ba6 12. O-O-O Na5 13. g4 h6 14. h4 c6 15.
g5 Nh5 16. gxh6 g6 17. Ne2 b5 18. c5 Nc4 19. Bxc4 bxc4 20. Bc3 Rb8 21. a4 Rb3
22. Rdg1 dxc5 23. f4 Kh7 24. f5 gxf5 25. e5 Bc8 26. a5 Kxh6 27. Bd2+ Kh7 28.
Qxc4 Qd5 29. Qxc5 Qxc5+ 30. dxc5 Rxe5 31. Nd4 Rxc5+ 32. Kd1 Rb1+ 33. Ke2 Re5+
34. Be3 Rb2+ 35. Kd3 f4 36. Rg5 Rxe3+ 37. Kc4 Kh6 38. Rhg1 Rg3 39. R5xg3 Nxg3
40. Nxc6 f3 41. Rxg3 f2 42. Rf3 Kh5 43. Nxa7 Kxh4 44. Nxc8 Rc2+ 45. Kd3 Rxc8
46. Rxf7 Kg3 0-1

[Event "Tournoi Skype 014B"]
[Site "Skype"]
[Date "????.??.??"]
[Round "7.26"]
[White "Alverson, Ginny"]
[Black "Bustos, Ricardo"]
[Result "1/2-1/2"]
[WhiteElo "1211"]
[BlackElo "1081"]
[PlyCount "106"]

1. Nf3 d5 2. d4 Nf6 3. e3 Bg4 4. Be2 Nbd7 5. Nbd2 c5 6. O-O cxd4 7. Nxd4 Bxe2
8. Qxe2 e5 9. Nf5 g6 10. Ng3 Bg7 11. Nf3 O-O 12. e4 dxe4 13. Nxe4 Nxe4 14. Qxe4
Qc7 15. Ng5 Nc5 16. Qh4 h6 17. Nf3 g5 18. Bxg5 hxg5 19. Nxg5 Rfe8 20. Qh7+ Kf8
21. Qf5 Qd7 22. Nh7+ Kg8 23. Qh5 Qe6 24. Ng5 Qg6 25. Qh4 Rad8 26. Rad1 Qh6 27.
Qg4 Ne6 28. Rxd8 Rxd8 29. Qf5 Nxg5 30. f4 exf4 31. Rxf4 Qg6 32. Qg4 Ne6 33.
Qxg6 fxg6 34. Rg4 g5 35. Re4 Kf7 36. c4 Bxb2 37. g4 Bd4+ 38. Kg2 Nf4+ 39. Kf3
Ne6 40. Kg3 Nc5 41. Re2 Re8 42. Rxe8 Kxe8 43. h4 gxh4+ 44. Kxh4 Kf7 45. Kh5 Ne4
46. g5 Nxg5 47. Kxg5 Kg7 48. a4 Bf6+ 49. Kf5 Bd8 50. c5 Ba5 51. Ke6 Kf8 52. Kd7
Kf7 53. Kc8 Bb4 1/2-1/2

[Event "Tournoi Skype 014B"]
[Site "Skype"]
[Date "????.??.??"]
[Round "7.27"]
[White "Talbot, Jean"]
[Black "Cengiz, Cem"]
[Result "0-1"]
[WhiteElo "1068"]
[BlackElo "1210"]
[PlyCount "76"]

1. e4 e5 2. Nf3 Nc6 3. Nc3 Nf6 4. d3 d5 5. exd5 Nxd5 6. Bg5 f6 7. Bh4 Bb4 8. a3
Nxc3 9. bxc3 Bxc3+ 10. Nd2 Bxa1 11. Qxa1 Qd4 12. c3 Qxh4 13. Nf3 Qh5 14. Be2
Qg6 15. Nh4 Qf7 16. O-O Bd7 17. Qd1 Qd5 18. Bh5+ Ke7 19. Re1 Rad8 20. f4 Be8
21. d4 Kf8 22. fxe5 fxe5 23. Rf1+ Ke7 24. Nf5+ Kd7 25. Qg4 Qd6 26. Nxg7+ Ke7
27. Qg5+ Kd7 28. Qg4+ Ke7 29. Qg5+ Kd7 30. Bg4+ Qe6 31. Bxe6+ Kd6 32. dxe5+ Kc5
33. Qe3+ Kb5 34. Rb1+ Ka6 35. Qd3+ Rxd3 36. Bc4+ Ka5 37. Bxd3 Nxe5 38. Rb5+
Bxb5 0-1

[Event "Tournoi Skype 014B"]
[Site "Skype"]
[Date "????.??.??"]
[Round "7.28"]
[White "Lequeux, Pierre"]
[Black "Farthouat, Catherine"]
[Result "1-0"]
[WhiteElo "1199"]
[BlackElo "1041"]
[PlyCount "77"]

1. Nf3 d5 2. d4 Nf6 3. e3 Nc6 4. c4 e6 5. Nc3 Bb4 6. cxd5 exd5 7. h3 O-O 8. Bd3
Re8 9. O-O a6 10. Ne5 Nxe5 11. dxe5 Rxe5 12. Re1 Bxc3 13. bxc3 Re8 14. c4 c6
15. Bb2 b5 16. cxb5 cxb5 17. Bxf6 Qxf6 18. Qf3 Qxf3 19. gxf3 Bxh3 20. Bc2 g6
21. a4 b4 22. a5 Rac8 23. Ba4 Red8 24. Kh2 Bf5 25. e4 dxe4 26. fxe4 Bg4 27. Kg3
Bh5 28. Bb3 Rd7 29. Ba4 Re7 30. f3 Re5 31. Bd7 Rd8 32. Bc6 Rg5+ 33. Kf4 f6 34.
Reb1 f5 35. Kxg5 b3 36. Bd5+ Kg7 37. Rxb3 Bxf3 38. exf5 Rf8 39. f6+ 1-0

[Event "Tournoi Skype 014B"]
[Site "Skype"]
[Date "????.??.??"]
[Round "7.30"]
[White "Coruble, Didier"]
[Black "Nalbant, Atakan"]
[Result "1-0"]
[WhiteElo "1329"]
[BlackElo "1100"]
[PlyCount "47"]

1. Nf3 Nf6 2. d4 e6 3. Nc3 d5 4. h3 Bb4 5. Bd2 Nc6 6. a3 Be7 7. e3 O-O 8. Bd3
Re8 9. Qe2 Bd6 10. Bb5 Bd7 11. b4 a6 12. Ba4 b5 13. Bb3 Ne4 14. Nxe4 dxe4 15.
Nh2 e5 16. d5 Ne7 17. f3 exf3 18. gxf3 c6 19. e4 h6 20. Rg1 a5 21. Bxh6 Kh8 22.
Bxg7+ Kh7 23. f4 Rg8 24. Qh5# 1-0

[Event "Tournoi Skype 014B"]
[Site "Skype"]
[Date "????.??.??"]
[Round "7.31"]
[White "Amato, Ludovica"]
[Black "Marty, Yvette"]
[Result "1-0"]
[WhiteElo "1250"]
[BlackElo "1000"]
[PlyCount "46"]

1. e4 e5 2. Nf3 Nc6 3. Bc4 Nf6 4. Ng5 d5 5. exd5 h6 6. Nxf7 Kxf7 7. dxc6+ Ke8
8. cxb7 Bxb7 9. O-O Ne4 10. d3 Nd6 11. Be6 Qf6 12. Bg4 Qg6 13. Bh5 Qf7 14.
Bxf7+ Nxf7 15. Nc3 g6 16. Nb5 c6 17. Nc7+ Kd7 18. Nxa8 Bxa8 19. Re1 Ke6 20.
Qg4+ Kf6 21. d4 c5 22. dxe5+ Nxe5 23. Qf4+ Ke6 1-0

[Event "Tournoi Skype 014B"]
[Site "Skype"]
[Date "????.??.??"]
[Round "7.32"]
[White "Letourneau, Judith"]
[Black "Gagnon, Sindy"]
[Result "0-1"]
[WhiteElo "1000"]
[BlackElo "1046"]
[PlyCount "32"]

1. e4 e5 2. Nf3 Nf6 3. d3 Bb4+ 4. Nc3 O-O 5. a3 Ba5 6. Bg5 h6 7. Bxf6 Qxf6 8.
d4 exd4 9. h4 dxc3 10. bxc3 Bxc3+ 11. Ke2 Bxa1 12. Qxa1 Qxa1 13. Nd2 Qxa3 14.
g3 Re8 15. f3 Nc6 16. Bh3 Nd4+ 0-1